[Event "Wch Amateurs U1700"]
[White "Papanikos, Konstantinos"]
[Black "Otgonjargal, Agvaandorj"]
[Site "Rhodes"]
[Round "7"]
[Result "0-1"]
[Date "2024.11.02"]
[WhiteElo "1579"]
[BlackElo "1679"]
[PlyCount "110"]
[EventDate "2024.10.27"]
[EventType "swiss"]
[EventRounds "9"]
[EventCountry "GRE"]
[SourceTitle "CB45_2024"]
[Source "ChessBase"]
[SourceDate "2024.11.06"]
[SourceVersion "1"]
[SourceVersionDate "2024.11.06"]
[SourceQuality "1"]

1. d4 d5 2. Nf3 Nf6 3. g3 Bf5 4. Nh4 Bg4 5. h3 Bh5 6. Bg2 e6 7. 0-0 Bd6 8. Re1 0-0 9. Bg5 h6 10. Be3 Nbd7 11. Nd2 c5 12. b3 cxd4 13. Bxd4 e5 14. Bb2 Re8 15. Nf1 e4 16. g4 Bg6 17. Nxg6 fxg6 18. Ne3 Nc5 19. Bxf6 Qxf6 20. Qxd5+ Kh8 21. g5 Qf4 22. gxh6 gxh6 23. Ng4 Rf8 24. Rf1 Rf5 25. e3 Rxd5 26. exf4 Bxf4 27. Rfe1 h5 28. Nf6 Rd2 29. Nxe4 Rxc2 30. Nxc5 Rxc5 31. Bxb7 Rf8 32. Re6 Kg7 33. Be4 Rg5+ 34. Kf1 Be3 35. Ke2 Bxf2 36. Rf1 Bc5 37. Rxf8 Bxf8 38. Ra6 Bc5 39. Kf3 Bb6 40. Ra4 h4 41. Bc6 Rg3+ 42. Ke2 Rxh3 43. Rg4 Kf6 44. Bf3 g5 45. Rg2 Bc7 46. a4 Bf4 47. b4 Ke5 48. b5 Kd6 49. Kf2 Kc5 50. Be2 Be3+ 51. Ke1 Rh1+ 52. Bf1 Bf4 53. Kf2 h3 54. Rg4 h2 55. Bg2 Rg1 0-1

[Event "Wch Amateurs U1700"]
[White "Kampouropoulos, Savvas"]
[Black "Otgonjargal, Agvaandorj"]
[Site "Rhodes"]
[Round "1"]
[Result "0-1"]
[Date "2024.10.27"]
[WhiteElo "1404"]
[BlackElo "1679"]
[PlyCount "46"]
[EventDate "2024.10.27"]
[EventType "swiss"]
[EventRounds "9"]
[EventCountry "GRE"]
[SourceTitle "CB45_2024"]
[Source "ChessBase"]
[SourceDate "2024.11.06"]
[SourceVersion "1"]
[SourceVersionDate "2024.11.06"]
[SourceQuality "1"]

1. e4 e5 2. Nf3 Nc6 3. Nc3 Nf6 4. d4 exd4 5. Nxd4 Bb4 6. Nxc6 bxc6 7. Bd3 d5 8. 0-0 0-0 9. exd5 cxd5 10. Bg5 c6 11. Qd2 d4 12. Bxf6 Qxf6 13. Nd5 Bxd2 14. Nxf6+ gxf6 15. Rad1 Bf4 16. Be4 Rb8 17. Rxd4 Be5 18. Rc4 Rxb2 19. a4 Ba6 20. Bxh7+ Kxh7 21. Rh4+ Kg6 22. Rd1 Rd8 23. Rc1 Rxc2 0-1